000 01178nab a22002057a 4500
999 _c6266
_d6266
003 OSt
005 20260128022607.0
008 190514b xxu||||| |||| 00| 0 spa d
040 _cPJ
100 _95064
_aFernández, María José
245 1 0 _aSobre el interés legítimo en la impugnación de la maternidad /
_cMaría José Fernández
300 _ap. 8-16
500 _aCita: TR LALEY AR/DOC/2716/2025.
505 _aSumario: I. Plataforma fáctica.— II. Estado de familia.— III. El vínculo filial. Principios que lo rigen.— IV. La socioafectividad.— V. Acciones de estado. Impugnación de la maternidad.— VI. La caducidad de la acción.— VII. Derecho de las sucesiones. Fuentes de la vocación hereditaria.— VIII. El caso sometido a decisión.— IX. Reflexión final.
505 _tFallo comentado: CNCiv., sala E ~ 05/06/2025 ~ C., R. c. P., P. A. s/ exclusión de heredero.
650 0 _9967
_aDERECHO DE FAMILIA
650 0 _91057
_aJURISPRUDENCIA APLICABLE
773 0 _02844
_93222
_dBuenos Aires : AbeledoPerrot, 1989-
_tDerecho de familia. Revista Interdisciplinaria de doctrina y jurisprudencia. Diciembre 2025-VI.
_z18511201
942 _2udc
_cANA